000 00514nam a2200193Ia 4500
003 GCL
008 140319s9999 xx 000 0 ara d
040 _aGCL /
_cGCL
082 0 4 _a609
_bك م
100 1 _aكونانت , جيمس ب
245 1 0 _aمواقف حاسمة فى تاريخ العلم /
_cكونانت , جيمس ب
700 1 _aاحمد زكى
300 _a506 ص
490 _a
650 0 4 _aتاريخ
650 0 4 _aالعلم
650 0 4 _aالعلم والحضارة
942 _2ddc
_cBK
999 _c39415
_d39415